Welcome to CU Library Online Public Access Catalogue (OPAC)

Toward a growing marriage : (Record no. 3071)

MARC details
000 -LEADER
fixed length control field 00967cam a2200241 a 4500
001 - CONTROL NUMBER
control field 2609310
005 - DATE AND TIME OF LATEST TRANSACTION
control field 20250125134316.0
008 - FIXED-LENGTH DATA ELEMENTS--GENERAL INFORMATION
fixed length control field 971001s1996 ilu 000 0 eng
020 ## - INTERNATIONAL STANDARD BOOK NUMBER
International Standard Book Number 0802487874
050 00 - LIBRARY OF CONGRESS CALL NUMBER
Classification number HQ734
Item number .C468 1996
082 00 - DEWEY DECIMAL CLASSIFICATION NUMBER
Classification number 248.4
Edition information 21
100 1# - MAIN ENTRY--PERSONAL NAME
Personal name Chapman, Gary D.,
Dates associated with a name 1938-
245 10 - TITLE STATEMENT
Title Toward a growing marriage :
Remainder of title building the love relationship of your dreams /
Statement of responsibility, etc. Gary Chapman.
260 ## - PUBLICATION, DISTRIBUTION, ETC.
Place of publication, distribution, etc. Chicago :
Name of publisher, distributor, etc. Moody Press,
Date of publication, distribution, etc. c1996.
300 ## - PHYSICAL DESCRIPTION
Extent 225 p. ;
Dimensions 22 cm.
650 #0 - SUBJECT ADDED ENTRY--TOPICAL TERM
Topical term or geographic name entry element Marriage.
650 #0 - SUBJECT ADDED ENTRY--TOPICAL TERM
Topical term or geographic name entry element Christian life.
856 42 - ELECTRONIC LOCATION AND ACCESS
Materials specified Publisher description
Uniform Resource Identifier <a href="http://www.loc.gov/catdir/enhancements/fy0609/97202101-d.html">http://www.loc.gov/catdir/enhancements/fy0609/97202101-d.html</a>
856 42 - ELECTRONIC LOCATION AND ACCESS
Materials specified Contributor biographical information
Uniform Resource Identifier <a href="http://www.loc.gov/catdir/enhancements/fy1202/97202101-b.html">http://www.loc.gov/catdir/enhancements/fy1202/97202101-b.html</a>
856 41 - ELECTRONIC LOCATION AND ACCESS
Materials specified Sample text
Uniform Resource Identifier <a href="http://www.loc.gov/catdir/enhancements/fy1209/97202101-s.html">http://www.loc.gov/catdir/enhancements/fy1209/97202101-s.html</a>
856 41 - ELECTRONIC LOCATION AND ACCESS
Materials specified Table of contents only
Uniform Resource Identifier <a href="http://www.loc.gov/catdir/enhancements/fy1209/97202101-t.html">http://www.loc.gov/catdir/enhancements/fy1209/97202101-t.html</a>
942 ## - ADDED ENTRY ELEMENTS (KOHA)
Source of classification or shelving scheme Library of Congress Classification
Koha item type Books
Suppress in OPAC No
999 ## -
-- 3071
-- 3071
Holdings
Withdrawn status Lost status Source of classification or shelving scheme Damaged status Not for loan Collection Home library Current library Shelving location Date acquired Total checkouts Full call number Barcode Date last seen Copy number Price effective from Koha item type
    Library of Congress Classification     Non-fiction Undergraduate Library (Christ Temple) Undergraduate Library (Christ Temple) General stacks 01/25/2025   HQ734 CHA ulct00000955 01/25/2025 1 01/25/2025 Books
© 2023-2024 Copyright: Central University Libraries. All Rights Reserved | Created by: Mahone Tech Office